A guide to the CML certificate (Record no. 111750)

MARC details
000 -LEADER
fixed length control field 00977cad a22002175a 4500
001 - CONTROL NUMBER
control field E151945
008 - FIXED-LENGTH DATA ELEMENTS--GENERAL INFORMATION
fixed length control field 110111s2007 xxk f 000 0 eng d
035 ## - SYSTEM CONTROL NUMBER
System control number (Sirsi) u151945
041 0# - LANGUAGE CODE
Language code of text/sound track or separate title eng
110 2# - MAIN ENTRY--CORPORATE NAME
Corporate name or jurisdiction name as entry element Royal Institution of Chartered Surveyors
9 (RLIN) 4900
245 02 - TITLE STATEMENT
Title A guide to the CML certificate
260 ## - PUBLICATION, DISTRIBUTION, ETC.
Place of publication, distribution, etc. London
Name of publisher, distributor, etc. RICS
-- RIBA
-- CIAT
Date of publication, distribution, etc. 2007
520 ## - SUMMARY, ETC.
Summary, etc. Sets out the rationale and workings of the CML certificate and assists practitioners in assessing the risks and potential liabilities they assume when they are asked to sign one.
590 ## - LOCAL NOTE (RLIN)
Local note KA
651 #4 - SUBJECT ADDED ENTRY--GEOGRAPHIC NAME
Geographic name United Kingdom
690 ## - LOCAL SUBJECT ADDED ENTRY--TOPICAL TERM (OCLC, RLIN)
Topical term or geographic name as entry element PROPERTY-PROPERTY APPRAISAL AND VALUATION
710 1# - ADDED ENTRY--CORPORATE NAME
Corporate name or jurisdiction name as entry element Royal Institute of British Architects
9 (RLIN) 2527
710 1# - ADDED ENTRY--CORPORATE NAME
Corporate name or jurisdiction name as entry element Chartered Institute of Architectural Technologists
856 40 - ELECTRONIC LOCATION AND ACCESS
Uniform Resource Identifier <a href="https://www.architecture.com/-/media/GatherContent/CML-Professional-Consultants-Certificate/Additional-Documents/CMLCertificateGuidancepdf.pdf">https://www.architecture.com/-/media/GatherContent/CML-Professional-Consultants-Certificate/Additional-Documents/CMLCertificateGuidancepdf.pdf</a>
Public note View the guidance online
942 ## - ADDED ENTRY ELEMENTS (KOHA)
Suppress in OPAC 0
Source of classification or shelving scheme Dewey Decimal Classification
Holdings
Withdrawn status Lost status Source of classification or shelving scheme Damaged status Not for loan Home library Current library Shelving location Date acquired Total Checkouts Full call number Barcode Date last seen Copy number Price effective from Koha item type
    Dewey Decimal Classification     Virtual Virtual Online 11/01/2011   ONLINE PUBLICATION 151945-2001 10/08/2023 1 06/08/2019 Online material